Statistiques concernant Pays du finnois au français

Cliquez ici pour prendre le quiz!

Statistiques générales

  • Ce quiz a été pris 80 fois
    (31 depuis la dernière actualisation)
  • Le résultat moyen est 18 sur 24

Statistiques - réponses

en finnoisen français% Correct
LatviaLettonie
97%
EspanjaEspagne
97%
ItaliaItalie
93%
BelgiaBelgique
93%
NorjaNorvège
93%
Etelä-AfrikkaAfrique du Sud
90%
LiettuaLituanie
90%
RuotsiSuède
87%
RanskaFrance
87%
VenäjäRussie
83%
SuomiFinlande
80%
SveitsiSuisse
80%
YhdysvallatÉtats-Unis
77%
KuubaCuba
77%
KiinaChine
77%
TšekkiRepubliqué Tchèque
77%
SaksaAllemagne
73%
AlankomaatPays-bas
63%
UnkariHongrie
60%
ViroEstonie
60%
TanskaDanemark
50%
Valko-VenäjäBiélorussie
43%
ItävaltaAutriche
37%
NorsunluurannikkoCôte d'Ivoire
7%

Distribution des résultats

Percentile par nombre de réponses

% des personnes avec chaque résultat

Votre développement - résultats

Vous n’avez pas pris ce quiz depuis la dernière actualisation